Gaseous hydrogen embrittlement of materials in energy technologies. Volume 2, Mechanisms, modelling and future developments /

Bibliographic Details
Corporate Author: ScienceDirect (Online service)
Other Authors: Gangloff, R. P., Somerday, Brian P.
Format: eBook
Language:English
Published: Cambridge, UK : Woodhead Pub., 2012.
Series:Woodhead Publishing in materials.
Subjects:
Online Access:Connect to the full text of this electronic book

MARC

Tag First Indicator Second Indicator Subfields
LEADER 00000cam a2200000Lu 4500
001 in00004168421
006 m o d
007 cr |||||||||||
008 120312s2012 enka o 000 0 eng d
005 20250816190830.9
020 |a 9780857095374 (electronic bk.) 
020 |a 0857095374 (electronic bk.) 
024 8 |a 99984300949 
035 |a (NhCcYBP)ybp9961065 
040 |a NhCcYBP  |c NhCcYBP  |d UtOrBLW 
050 4 |a TA462  |b .G37 2012 vol. 2 
072 7 |a TDM  |2 bicssc 
072 7 |a TEC  |2 eflch 
082 0 4 |a 669  |2 23 
245 0 0 |a Gaseous hydrogen embrittlement of materials in energy technologies.  |n Volume 2,  |p Mechanisms, modelling and future developments /  |c edited by Richard P. Gangloff, Brian P. Somerday. 
246 3 0 |a Mechanisms, modelling and future developments 
264 1 |a Cambridge, UK :  |b Woodhead Pub.,  |c 2012. 
300 |a 1 online resource. 
336 |a text  |b txt  |2 rdacontent 
337 |a computer  |b c  |2 rdamedia 
338 |a online resource  |b cr  |2 rdacarrier 
490 1 |a Woodhead Publishing in materials 
545 0 |a Richard P. Gangloff is the Ferman W. Perry Professor of Materials Science and Engineering at the University of Virginia, Charlottesville, VA, USA. Brian P. Somerday is a member of the technical staff at Sandia National Laboratories, Livermore, California, USA. Both editors are world authorities in the field of hydrogen embrittlement. 
588 |a Description based on online resource; title from digital title page (viewed on March 8, 2013). 
500 |a Electronic resource. 
650 0 |a Metals  |x Corrosion fatigue.  |0 http://id.loc.gov/authorities/subjects/sh85084180 
650 0 |a Metals  |x Hydrogen embrittlement.  |0 http://id.loc.gov/authorities/subjects/sh85084210 
650 0 |a Alloys  |x Hydrogen embrittlement. 
655 7 |a Electronic books.  |2 local 
700 1 |a Gangloff, R. P.  |0 http://id.loc.gov/authorities/names/n84157235 
700 1 |a Somerday, Brian P.  |0 http://id.loc.gov/authorities/names/no2012051840 
710 2 |a ScienceDirect (Online service)  |0 http://id.loc.gov/authorities/names/no00037061 
830 0 |a Woodhead Publishing in materials.  |0 http://id.loc.gov/authorities/names/no2005092801 
856 4 0 |u http://proxy.library.tamu.edu/login?url=https://www.sciencedirect.com/science/book/9780857095367  |z Connect to the full text of this electronic book  |t 0 
945 |a machinegen 
955 |a YBP purchased firm e-records 
980 |b 405.00  |g 1 
999 f f |s 39d3b0a5-f10c-34f6-93b4-8aaa549deec0  |i 5b75c9d1-4b50-3ca4-b587-70b66d4c6bec  |t 0 
952 f f |a Texas A&M University  |b College Station  |c Electronic Resources  |d Available Online  |t 0  |e TA462 .G37 2012 vol. 2  |h Library of Congress classification 
998 f f |a TA462 .G37 2012 vol. 2  |t 0  |l Available Online